000 00575nam a2200181Ia 4500
008 100920s9999 xx 000 0 und d
082 _b80899
_a930 थ 94
100 _aआठवले सदाशिव.
245 _aकेमाल पाशा.
260 _bश्रीविद्या प्रकाशन , पुणे 30.
_c1994
300 _a271
_bसाधी
365 _b200
520 _aइतिहास.
630 _aकेमाल पाशा.
650 _aइतिहास.
730 _aकेमाल पाशा.
942 _cBOOK
999 _c721756
_d721753